|
|
|
|
| LEADER |
00000nab a2200000 a 4500 |
| 001 |
vtls000653944 |
| 003 |
SK-MaSNL |
| 005 |
20260304174801.0 |
| 008 |
160322c1998 xo 0 slo |
| 015 |
|
|
|a SNBRA1998/03-07050
|
| 035 |
|
|
|a CLN000006137
|
| 040 |
|
|
|a SNKBUCL
|b slo
|c SNKBUCL
|e AACR2
|
| 041 |
0 |
|
|a slo
|
| 044 |
|
|
|a xo
|c SK
|
| 080 |
|
|
|a 943.76-051"08"
|2 UDC-MRF-SK2
|
| 080 |
|
|
|a 929 Svätopluk I.
|2 UDC-MRF-SK2
|
| 100 |
1 |
|
|a Nemec, Imrich,
|d 1915-2009
|4 aut
|9 252351
|
| 245 |
1 |
0 |
|a Posledné dni Svätopluka
|c Imrich Nemec
|
| 300 |
|
|
|b Obr.
|
| 600 |
0 |
7 |
|a Svätopluk
|b I.,
|c veľkomoravské knieža,
|d asi 840-894
|2 snkbucl
|9 218232
|
| 655 |
|
7 |
|a články z novín a časopisov
|2 snkbucl
|9 267496
|
| 773 |
0 |
|
|t Slovenská republika
|g Roč. 6, č. 70 (25.3.1998), s. 9
|
| 850 |
|
|
|a Slovenská národná knižnica v Martine
|
| 852 |
|
|
|a SNK
|b KIS3GCP
|
| 958 |
|
|
|a BX
|
| 958 |
|
|
|a SK
|
| 958 |
|
|
|a RBX
|
| 999 |
|
|
|c 3010423
|d 3012353
|